[Event "aut_ych0810_2008"]
[Site "Scharzach - St. Veit"]
[Date "2008.06.06"]
[Round "1.1"]
[White "Huber, Martin Christian"]
[Black "Proyer, Enno"]
[Result "1-0"]
[WhiteElo "1686"]
[BlackElo "1372"]
[PlyCount "71"]
[EventDate "2008.06.06"]

1. d4 d5 2. c4 c6 3. Nf3 Nf6 4. Nc3 a6 5. Ne5 Bf5 6. cxd5 cxd5 7. Qb3 b5 8. Bf4
e6 9. e3 Bd6 10. Be2 O-O 11. O-O Qc7 12. Rac1 Qe7 13. Rfe1 Nfd7 14. Nxd5 exd5
15. Qxd5 Nf6 16. Qf3 Be4 17. Qg3 Rd8 18. Bh6 g6 19. Bg5 Kg7 20. f4 h6 21. Bh4
Ra7 22. Ng4 g5 23. Nxh6 Qe6 24. Qxg5+ Kh7 25. Qxf6 Qxf6 26. Bxf6 Rdd7 27. Ng4
Nc6 28. Be5 Nxe5 29. Nf6+ Kg6 30. fxe5 Bxe5 31. Nxd7 Bxh2+ 32. Kxh2 Rxd7 33.
Bf3 Bf5 34. e4 Rxd4 35. exf5+ Kxf5 36. Rc5+ 1-0

[Event "aut_ych0810_2008"]
[Site "Scharzach - St. Veit"]
[Date "2008.06.06"]
[Round "1.2"]
[White "Calovi, Luca"]
[Black "Hofer, Emilian"]
[Result "0-1"]
[WhiteElo "1363"]
[BlackElo "1603"]
[PlyCount "60"]
[EventDate "2008.06.06"]

1. e4 e5 2. Nf3 Nc6 3. d4 exd4 4. Nxd4 Bc5 5. Nxc6 Qf6 6. Qd2 dxc6 7. Nc3 Bd7
8. Bd3 O-O-O 9. O-O Ne7 10. Qe2 Ng6 11. Qh5 h6 12. Qxc5 Kb8 13. a4 Ne5 14. Be2
Rhe8 15. Ra3 Qg6 16. Rd1 Bh3 17. Rxd8+ Rxd8 18. g3 Ng4 19. a5 Qf6 20. Bxg4 Bxg4
21. Be3 b6 22. axb6 axb6 23. Qb4 Bh3 24. Qa4 Kc8 25. Bf4 g5 26. e5 Qe6 27. Be3
Kd7 28. Ne4 Ke8 29. Nf6+ Qxf6 30. c4 Qf3 0-1

[Event "aut_ych0810_2008"]
[Site "Scharzach - St. Veit"]
[Date "2008.06.06"]
[Round "1.3"]
[White "Gludovatz, Lukas"]
[Black "Högl, Emanuel"]
[Result "1-0"]
[WhiteElo "1481"]
[BlackElo "1356"]
[PlyCount "97"]
[EventDate "2008.06.06"]

1. e4 c5 2. d4 cxd4 3. c3 dxc3 4. Nxc3 e6 5. Nf3 Be7 6. Bc4 b6 7. Bf4 Bb7 8.
O-O Nc6 9. Rc1 Nf6 10. e5 Nd5 11. Bxd5 exd5 12. Nxd5 O-O 13. Re1 Rc8 14. Re2
Re8 15. Rec2 h6 16. h3 Nb4 17. Rxc8 Bxc8 18. a3 Nxd5 19. Qxd5 a5 20. a4 Ba6 21.
Rd1 Bc8 22. Be3 Bc5 23. Bxc5 bxc5 24. Qxc5 Bb7 25. Rd3 Qc8 26. Qxc8 Rxc8 27.
Rxd7 Bxf3 28. gxf3 Rc5 29. Ra7 Rxe5 30. f4 Re2 31. Rxa5 Rxb2 32. Rb5 Rd2 33. a5
Kf8 34. a6 Ra2 35. Rb8+ Ke7 36. Rb7+ Kd8 37. a7 Ra1+ 38. Kg2 Rxa7 39. Rxa7 Ke8
40. Kf3 Kf8 41. Ke4 g6 42. h4 Kg7 43. f5 gxf5+ 44. Kxf5 h5 45. Kg5 Kh7 46.
Rxf7+ Kh8 47. Kxh5 Kg8 48. Kg6 Kh8 49. Rf8# 1-0

[Event "aut_ych0810_2008"]
[Site "Scharzach - St. Veit"]
[Date "2008.06.06"]
[Round "1.5"]
[White "Hofer, Maximilian"]
[Black "Estomo, Jose"]
[Result "1-0"]
[WhiteElo "1423"]
[BlackElo "1316"]
[PlyCount "105"]
[EventDate "2008.06.06"]

1. e4 e5 2. Nf3 Nc6 3. Bb5 a6 4. Ba4 Bc5 5. O-O Nf6 6. Nc3 d6 7. d3 Bg4 8.
Bxc6+ bxc6 9. h3 Bh5 10. Bg5 O-O 11. Be3 Rb8 12. Na4 Bxf3 13. Qxf3 Rb4 14. b3
Bd4 15. Rab1 d5 16. Bd2 Rb8 17. Qg3 dxe4 18. Bh6 g6 19. Bxf8 Qxf8 20. dxe4 Nxe4
21. Qd3 Nc5 22. Nxc5 Bxc5 23. Qxa6 Rb6 24. Qe2 Bd6 25. a4 Qg7 26. Ra1 Bb4 27.
Rfd1 Rb8 28. a5 Ra8 29. a6 Bc5 30. a7 Qf8 31. Qxe5 Bxa7 32. Qxc7 Qc5 33. Qf4
Re8 34. Qf6 Bb6 35. Rd2 Rf8 36. c4 Qb4 37. Rd6 Bc7 38. Rd7 Qb8 39. Qe7 Bd8 40.
Qe3 Bf6 41. Ra6 Re8 42. Qd2 Qc8 43. Raa7 c5 44. Rxf7 Rd8 45. Qh6 Rd1+ 46. Kh2
Be5+ 47. g3 Bxg3+ 48. fxg3 Rd2+ 49. Kg1 Rd1+ 50. Kh2 Rd2+ 51. Qxd2 Kh8 52. Qc3+
Kg8 53. Rg7+ 1-0

[Event "aut_ych0810_2008"]
[Site "Scharzach - St. Veit"]
[Date "2008.06.06"]
[Round "1.6"]
[White "Petrik-Schweifer, Adam"]
[Black "Zoehrer, Gregor"]
[Result "1-0"]
[WhiteElo "1315"]
[BlackElo "1394"]
[PlyCount "43"]
[EventDate "2008.06.06"]

1. e4 d5 2. exd5 Qxd5 3. Nc3 Qa5 4. Nf3 Nf6 5. Bc4 e6 6. O-O Bd6 7. d3 h6 8.
Be3 Bd7 9. Qe2 b5 10. Bb3 b4 11. Ne4 Nxe4 12. dxe4 e5 13. Bd5 c6 14. Bc4 c5 15.
Rad1 Qc7 16. Rd2 Bc6 17. Bb5 Bxb5 18. Qxb5+ Qc6 19. Qxc6+ Nxc6 20. Rxd6 Ne7 21.
Bxc5 O-O 22. Bxb4 {Ab hier unleserlich!} 1-0

[Event "aut_ych0810_2008"]
[Site "Scharzach - St. Veit"]
[Date "2008.06.06"]
[Round "1.7"]
[White "Gerhold, Florian"]
[Black "Goetz, Christoph"]
[Result "0-1"]
[WhiteElo "1388"]
[BlackElo "1282"]
[PlyCount "102"]
[EventDate "2008.06.06"]

1. e4 e5 2. Nf3 Nc6 3. Bc4 Bc5 4. Nc3 d6 5. d3 Bg4 6. h3 Bxf3 7. Qxf3 Nf6 8.
Nd5 Nxd5 9. Bxd5 O-O 10. Qg3 Qf6 11. O-O Nb4 12. Bb3 c6 13. c3 Na6 14. Kh1 d5
15. exd5 cxd5 16. Bxd5 Rab8 17. f4 Bd6 18. fxe5 Qxf1+ 19. Kh2 Qf6 20. exd6 Qg6
21. Bg5 Nc5 22. Qh4 h6 23. Be7 Rfe8 24. Rf1 Ne6 25. Qf2 Ng5 26. h4 Qxd3 27.
Bxf7+ Nxf7 28. Qxf7+ Kh8 29. Rf3 Qe2 30. Rg3 Rg8 31. Rg6 Qe5+ 32. Kh3 Qe3+ 33.
g3 Qe5 34. d7 a5 35. Rd6 b5 36. d8=Q Rbxd8 37. Rxd8 Rxd8 38. Bxd8 a4 39. Qb7
Qe6+ 40. Kh2 Qxa2 41. Qxb5 a3 42. Qa5 Qxb2+ 43. Kh3 a2 44. Be7 a1=Q 45. Qd8+
Kh7 46. Qd3+ Kh8 47. Qd8+ Kh7 48. Qd3+ g6 49. Qd7 Qh1+ 50. Kg4 Qe2+ 51. Kf4
Qhe4# 0-1

[Event "aut_ych0810_2008"]
[Site "Scharzach - St. Veit"]
[Date "2008.06.06"]
[Round "1.8"]
[White "Hoeffernig, Leon"]
[Black "Steiner, Martin"]
[Result "0-1"]
[WhiteElo "1200"]
[BlackElo "1377"]
[PlyCount "102"]
[EventDate "2008.06.06"]

1. e4 e6 2. Nf3 d5 3. Nc3 c5 4. Bb5+ Nc6 5. Bxc6+ bxc6 6. Ne5 Qd6 7. Nf3 Nf6 8.
e5 Qe7 9. exf6 Qxf6 10. d3 d4 11. Bg5 Qg6 12. Ne4 h6 13. Ne5 Qf5 14. Bf4 Qxf4
15. Nxc6 Qc7 16. Qf3 Bb7 17. Nxa7 Rxa7 18. O-O f5 19. Qh5+ Qf7 20. Qxf7+ Kxf7
21. Ng3 h5 22. Rfe1 Rh6 23. a3 h4 24. Nf1 Rg6 25. g3 hxg3 26. Nxg3 f4 27. Re5
fxg3 28. hxg3 Rh6 29. f3 Rh1+ 30. Kxh1 Bxf3+ 31. Kg1 Bd6 32. Rg5 Kf6 33. Rxc5
Bxc5 34. Rf1 Ke7 35. Rxf3 Rb7 36. b4 Bd6 37. Kg2 Ra7 38. g4 Rxa3 39. Rh3 Ra2
40. Kf3 Rxc2 41. b5 Rc3 42. Ke4 Rb3 43. Kxd4 Rxb5 44. Kc4 Rg5 45. Rh4 Bg3 46.
Rh5 Rxh5 47. gxh5 Kf6 48. Kd4 Kg5 49. Ke4 Kxh5 50. Kf3 Bc7 51. Ke4 g5 0-1

[Event "aut_ych0810_2008"]
[Site "Scharzach - St. Veit"]
[Date "2008.06.06"]
[Round "2.1"]
[White "Steiner, Martin"]
[Black "Huber, Martin Christian"]
[Result "0-1"]
[WhiteElo "1377"]
[BlackElo "1686"]
[PlyCount "72"]
[EventDate "2008.06.06"]

1. c4 c5 2. Nf3 Nf6 3. Nc3 b6 4. e3 Bb7 5. d4 cxd4 6. exd4 d5 7. cxd5 Nxd5 8.
Be2 e6 9. O-O Be7 10. Qb3 O-O 11. Bd2 Nd7 12. Bc4 Nxc3 13. Qxc3 Rc8 14. Qd3
Bxf3 15. gxf3 Bd6 16. Ba6 Qh4 17. f4 Rcd8 18. Qf3 Nf6 19. Be2 Nd5 20. Qg3 Qf6
21. Qh3 Nxf4 22. Bxf4 Bxf4 23. Bd3 Qh6 24. Qg2 Rxd4 25. Be2 Qg5 26. Qxg5 Bxg5
27. Kh1 Rd2 28. Bf3 Rxb2 29. Rad1 Rxa2 30. Rd4 Bf6 31. Rf4 a5 32. Rg1 Kh8 33.
Be4 b5 34. Rg3 Be5 35. Rh3 Bxf4 36. Bxh7 Bh6 0-1

[Event "aut_ych0810_2008"]
[Site "Scharzach - St. Veit"]
[Date "2008.06.06"]
[Round "2.2"]
[White "Hofer, Emilian"]
[Black "Hofer, Maximilian"]
[Result "0-1"]
[WhiteElo "1603"]
[BlackElo "1423"]
[PlyCount "48"]
[EventDate "2008.06.06"]

1. e4 e5 2. Nf3 Nc6 3. Bb5 a6 4. Ba4 Nf6 5. O-O d6 6. Re1 Bg4 7. c3 Be7 8. d3
O-O 9. h3 Bh5 10. Nbd2 b5 11. Bc2 b4 12. Nf1 bxc3 13. bxc3 Rb8 14. Ng3 h6 15.
Nxh5 Nxh5 16. Nxe5 Nxe5 17. Qxh5 Bh4 18. d4 Ng6 19. g3 Be7 20. e5 Qd7 21. Kh2
Qc6 22. Bxg6 fxg6 23. Qxg6 Rxf2+ 24. Kg1 Qg2# 0-1

[Event "aut_ych0810_2008"]
[Site "Scharzach - St. Veit"]
[Date "2008.06.06"]
[Round "2.3"]
[White "Goetz, Christoph"]
[Black "Gludovatz, Lukas"]
[Result "0-1"]
[WhiteElo "1282"]
[BlackElo "1481"]
[PlyCount "70"]
[EventDate "2008.06.06"]

1. e4 e6 2. Nf3 d5 3. exd5 exd5 4. d4 Nc6 5. Nc3 Bg4 6. Be3 Bb4 7. Bb5 Nge7 8.
O-O Qd7 9. a3 Ba5 10. h3 Bh5 11. Qe2 O-O 12. Na4 Bb6 13. Nxb6 axb6 14. Qd3 Bxf3
15. gxf3 Qxh3 16. c4 dxc4 17. Bxc4 Qxf3 18. Bb3 Qf5 19. Qe2 Nd5 20. f3 Rfe8 21.
Qh2 Rxe3 22. Bc2 Qg5+ 23. Kh1 Qh6 24. Qxh6 gxh6 25. Rg1+ Kh8 26. Rg2 Rg8 27.
Rag1 Rxg2 28. Rxg2 Rxf3 29. Be4 Rf1+ 30. Kh2 Nf4 31. Rg3 Nxd4 32. Rg4 Nf3+ 33.
Bxf3 Rxf3 34. a4 f5 35. Rg1 Rh3# 0-1

[Event "aut_ych0810_2008"]
[Site "Scharzach - St. Veit"]
[Date "2008.06.06"]
[Round "2.4"]
[White "Kaschka, Jonas"]
[Black "Petrik-Schweifer, Adam"]
[Result "1-0"]
[WhiteElo "1437"]
[BlackElo "1315"]
[PlyCount "29"]
[EventDate "2008.06.06"]

1. e4 e5 2. Nf3 Nc6 3. Bc4 Bc5 4. Nc3 Nf6 5. d3 O-O 6. O-O d6 7. h3 Bd7 8. Nd5
Re8 9. Bg5 Kf8 10. Nxf6 gxf6 11. Bh6+ Kg8 12. Nd2 Bd4 13. Qf3 Kh8 14. Bxf7 Re7
15. Qxf6# 1-0

[Event "aut_ych0810_2008"]
[Site "Scharzach - St. Veit"]
[Date "2008.06.06"]
[Round "2.5"]
[White "Zoehrer, Gregor"]
[Black "Jakob, Tobias"]
[Result "0-1"]
[WhiteElo "1394"]
[BlackElo "1319"]
[PlyCount "56"]
[EventDate "2008.06.06"]

1. e4 c5 2. d4 cxd4 3. Qxd4 Nc6 4. Qd1 Nf6 5. Nc3 e5 6. Bg5 Be7 7. Nf3 d6 8. h3
Be6 9. Bb5 O-O 10. Nd5 a6 11. Nxf6+ Bxf6 12. Bxf6 Qxf6 13. Bxc6 bxc6 14. Qxd6
Rac8 15. Qxe5 Qe7 16. O-O f6 17. Qa5 Ra8 18. e5 fxe5 19. Nxe5 Qd6 20. Rad1 Bd5
21. Rfe1 Rfe8 22. f4 Reb8 23. c4 Rxb2 24. cxd5 Qb8 25. Nxc6 Qxf4 26. Ne7+ Kh8
27. Nf5 Qf2+ 28. Kh1 Qxg2# 0-1

[Event "aut_ych0810_2008"]
[Site "Scharzach - St. Veit"]
[Date "2008.06.06"]
[Round "2.6"]
[White "Högl, Emanuel"]
[Black "Gerhold, Florian"]
[Result "0-1"]
[WhiteElo "1356"]
[BlackElo "1388"]
[PlyCount "34"]
[EventDate "2008.06.06"]

1. c4 e5 2. e3 Nc6 3. Be2 Nf6 4. b3 g6 5. Bb2 d6 6. Nf3 Bg7 7. O-O Bf5 8. Nc3
O-O 9. d4 exd4 10. exd4 Re8 11. Bd3 Bg4 12. d5 Nd4 13. Re1 Nxf3+ 14. gxf3 Bh3
15. Rxe8+ Nxe8 16. Na4 Qg5+ 17. Kh1 Qg2# 0-1

[Event "aut_ych0810_2008"]
[Site "Scharzach - St. Veit"]
[Date "2008.06.06"]
[Round "2.7"]
[White "Proyer, Enno"]
[Black "Hoeffernig, Leon"]
[Result "1-0"]
[WhiteElo "1372"]
[BlackElo "1200"]
[PlyCount "53"]
[EventDate "2008.06.06"]

1. e4 e5 2. Nf3 Nf6 3. Nc3 d5 4. exd5 Nxd5 5. Nxe5 Nxc3 6. dxc3 Qxd1+ 7. Kxd1
Bd6 8. Nf3 Bg4 9. Be2 O-O 10. Be3 Rd8 11. Ke1 Be7 12. Rd1 Bxf3 13. Rxd8+ Bxd8
14. Bxf3 Nc6 15. Bxc6 bxc6 16. Ke2 Rb8 17. Rd1 Bf6 18. Bc1 Re8+ 19. Kf3 Re5 20.
Rd7 Rf5+ 21. Ke2 Re5+ 22. Be3 Bg5 23. f4 Rd5 24. Rxd5 cxd5 25. fxg5 h6 26. gxh6
gxh6 27. Bxa7 1-0

[Event "aut_ych0810_2008"]
[Site "Scharzach - St. Veit"]
[Date "2008.06.06"]
[Round "2.8"]
[White "Estomo, Jose"]
[Black "Calovi, Luca"]
[Result "0-1"]
[WhiteElo "1316"]
[BlackElo "1363"]
[PlyCount "62"]
[EventDate "2008.06.06"]

1. e4 e5 2. Bc4 Nf6 3. Nc3 Nc6 4. Nf3 Bc5 5. d3 O-O 6. Bg5 h6 7. Be3 Bxe3 8.
fxe3 d6 9. O-O Ng4 10. Qe2 Be6 11. h3 Nf6 12. d4 Na5 13. Bb5 a6 14. Ba4 Bc4 15.
Qxc4 Nxc4 16. dxe5 dxe5 17. Rad1 Qe7 18. Nd5 Nxd5 19. exd5 Nxe3 20. Rfe1 Nxd1
21. Rxd1 Qc5+ 22. Kh2 Qf2 23. Nxe5 Qf4+ 24. Kg1 Qxe5 25. c4 b5 26. cxb5 axb5
27. Bxb5 Rxa2 28. Rd2 Qe3+ 29. Rf2 Ra1+ 30. Kh2 Qxf2 31. h4 Qxh4# 0-1

[Event "aut_ych0810_2008"]
[Site "Scharzach - St. Veit"]
[Date "2008.06.06"]
[Round "3.1"]
[White "Huber, Martin Christian"]
[Black "Gludovatz, Lukas"]
[Result "1-0"]
[WhiteElo "1686"]
[BlackElo "1481"]
[PlyCount "115"]
[EventDate "2008.06.06"]

1. d4 d5 2. c4 dxc4 3. e4 c5 4. d5 Nf6 5. Nc3 b5 6. e5 b4 7. exf6 bxc3 8. bxc3
Qa5 9. Bd2 Nd7 10. fxe7 Bxe7 11. Bxc4 Nb6 12. Be2 c4 13. Qc2 O-O 14. Nf3 Qxd5
15. Nd4 Qd7 16. Bf3 Bb7 17. Bxb7 Qxb7 18. O-O Bc5 19. Nf5 Rfe8 20. Be3 Qc7 21.
Rad1 Rad8 22. Bg5 f6 23. Bh4 Rxd1 24. Rxd1 Rd8 25. Re1 Qd7 26. Qe4 Qf7 27. Qg4
Kf8 28. Rd1 Rxd1+ 29. Qxd1 Qd7 30. Qxd7 Nxd7 31. Bg3 Ba3 32. Bd6+ Bxd6 33. Nxd6
Nb6 34. Kf1 Ke7 35. Nf5+ Kf7 36. Ke2 g6 37. Nd4 Nd5 38. Kd2 Ke8 39. Nc6 a6 40.
Nb4 Nxb4 41. cxb4 Kd7 42. Kc3 Kc6 43. Kxc4 Kb6 44. a4 f5 45. Kd5 Kc7 46. f3 Kb6
47. g4 fxg4 48. fxg4 h6 49. h4 Kc7 50. b5 axb5 51. axb5 Kb6 52. g5 hxg5 53.
hxg5 Kxb5 54. Ke6 Kc6 55. Kf6 Kd7 56. Kxg6 Ke8 57. Kh7 Kf7 58. g6+ 1-0

[Event "aut_ych0810_2008"]
[Site "Scharzach - St. Veit"]
[Date "2008.06.06"]
[Round "3.2"]
[White "Hofer, Maximilian"]
[Black "Kaschka, Jonas"]
[Result "1-0"]
[WhiteElo "1423"]
[BlackElo "1437"]
[PlyCount "37"]
[EventDate "2008.06.06"]

1. e4 e5 2. Nf3 Nc6 3. Bb5 a6 4. Ba4 b5 5. Bb3 Na5 6. Nc3 Nxb3 7. axb3 Bb7 8.
O-O Nf6 9. d3 h6 10. Nxe5 Bd6 11. Nf3 O-O 12. Nd4 c5 13. Nf5 Bc7 14. Be3 Bb6
15. Qf3 Qe8 16. Bxh6 Qe5 17. Bxg7 Bc7 18. Qh3 Nh7 19. Bxe5 1-0

[Event "aut_ych0810_2008"]
[Site "Scharzach - St. Veit"]
[Date "2008.06.06"]
[Round "3.3"]
[White "Jakob, Tobias"]
[Black "Hofer, Emilian"]
[Result "1/2-1/2"]
[WhiteElo "1319"]
[BlackElo "1603"]
[PlyCount "104"]
[EventDate "2008.06.06"]

1. e4 e5 2. Nf3 Nc6 3. d4 exd4 4. Bc4 Nf6 5. e5 d5 6. Bb5 Ne4 7. Nxd4 Bd7 8.
Bxc6 bxc6 9. O-O Bc5 10. Be3 Be7 11. f3 Nc5 12. f4 O-O 13. Rf3 Bg4 14. Nxc6
Bxf3 15. Qxf3 Qd7 16. Nxe7+ Qxe7 17. Qxd5 Ne6 18. f5 Rfd8 19. Qc6 Nf8 20. Qe4
Qd7 21. Nc3 Rab8 22. Rb1 c6 23. Qg4 Ng6 24. Qe4 Ne7 25. e6 fxe6 26. Qxe6+ Qxe6
27. fxe6 Rb7 28. Bc5 Rf8 29. Rd1 h6 30. Rd7 Rxd7 31. exd7 Kf7 32. Bxa7 Rd8 33.
a4 Rxd7 34. Bc5 Nc8 35. a5 Rd2 36. a6 Rxc2 37. a7 Nxa7 38. Bxa7 Rxb2 39. Kf1
Ke6 40. Bd4 Rb7 41. Ke2 g5 42. Kd3 Kf5 43. Ne2 Rd7 44. Ng3+ Kg6 45. Ke4 Re7+
46. Be5 c5 47. Kd5 c4 48. Ne4 Rd7+ 49. Ke6 Ra7 50. Kd5 Ra5+ 51. Kd4 Kf5 52.
Nd6+ Kg6 1/2-1/2

[Event "aut_ych0810_2008"]
[Site "Scharzach - St. Veit"]
[Date "2008.06.06"]
[Round "3.4"]
[White "Gerhold, Florian"]
[Black "Proyer, Enno"]
[Result "1/2-1/2"]
[WhiteElo "1388"]
[BlackElo "1372"]
[PlyCount "87"]
[EventDate "2008.06.06"]

1. e4 e5 2. Nf3 Nc6 3. Nc3 Nf6 4. Bc4 Nxe4 5. O-O Nxc3 6. dxc3 f6 7. Re1 Bd6 8.
Qd3 Qe7 9. b4 a6 10. Nh4 g6 11. f4 f5 12. Qg3 e4 13. Re2 b5 14. Bd5 Bb7 15. Qe1
Nd4 16. Rd2 Nxc2 17. Rxc2 Bxd5 18. g3 Bc4 19. Ng2 O-O-O 20. Ne3 Qe6 21. Qf2 c5
22. a3 Kb7 23. Rd2 Bd3 24. Bb2 c4 25. Re1 h5 26. a4 Be7 27. axb5 axb5 28. Ra1
Qb6 29. Nd5 Qxf2+ 30. Kxf2 Rde8 31. Ra5 Kc6 32. Ne3 h4 33. g4 fxg4 34. Nxg4 Bd6
35. Ra6+ Kc7 36. Ra7+ Kc6 37. Ra6+ Kc7 38. Ra5 Kc6 39. Ke3 Ref8 40. Rf2 Rf5 41.
Ra6+ Kc7 42. Ra7+ Kc6 43. Ra6+ Kc7 44. Ra7+ 1/2-1/2

[Event "aut_ych0810_2008"]
[Site "Scharzach - St. Veit"]
[Date "2008.06.06"]
[Round "3.5"]
[White "Petrik-Schweifer, Adam"]
[Black "Steiner, Martin"]
[Result "1-0"]
[WhiteElo "1315"]
[BlackElo "1377"]
[PlyCount "63"]
[EventDate "2008.06.06"]

1. e4 e6 2. Nf3 d5 3. exd5 exd5 4. Nc3 Nf6 5. d4 c5 6. Bg5 Nc6 7. Bb5 Qb6 8.
Bxf6 gxf6 9. O-O Be6 10. Qe2 Rd8 11. Rfe1 a6 12. Bxc6+ bxc6 13. dxc5 Bxc5 14.
Na4 Qa7 15. Nxc5 Qxc5 16. Rad1 Kf8 17. Nd4 Bd7 18. h3 Rg8 19. Qe3 Re8 20. Qh6+
Rg7 21. c3 Rb8 22. Qxf6 Kg8 23. Nf5 Bxf5 24. Qxf5 Kh8 25. Rd3 Rbg8 26. Qf6 h6
27. Rg3 Kh7 28. Rxg7+ Rxg7 29. Qf5+ Rg6 30. Qxf7+ Rg7 31. Qf5+ Rg6 32. Re6 1-0

[Event "aut_ych0810_2008"]
[Site "Scharzach - St. Veit"]
[Date "2008.06.06"]
[Round "3.7"]
[White "Estomo, Jose"]
[Black "Zoehrer, Gregor"]
[Result "1-0"]
[WhiteElo "1316"]
[BlackElo "1394"]
[PlyCount "75"]
[EventDate "2008.06.06"]

1. e4 d5 2. exd5 Qxd5 3. Nc3 Qa5 4. Bb5+ c6 5. Ba4 e5 6. Nf3 Bd6 7. d3 h6 8.
Bd2 Qd8 9. O-O Nf6 10. Nh4 O-O 11. Ne4 Nxe4 12. dxe4 Qxh4 13. a3 Qxe4 14. Re1
Qxa4 15. Qf3 Qg4 16. Re3 Qxf3 17. Rxf3 e4 18. Re3 Bf4 19. Bb4 Rd8 20. Rxe4 Bd6
21. Ba5 b6 22. Bc3 Bf5 23. Rd4 c5 24. Rd5 Bxc2 25. Be5 Bb3 26. Rxd6 Re8 27. f4
Re6 28. Rd8+ Kh7 29. Bxb8 Re2 30. Rf1 Rxb2 31. f5 Bc4 32. Rf4 Rb1+ 33. Kf2 Rf1+
34. Ke3 Rxf4 35. Kxf4 g5+ 36. Kg4 Kg7 37. Be5+ Kh7 38. Rxa8 1-0

[Event "aut_ych0810_2008"]
[Site "Scharzach - St. Veit"]
[Date "2008.06.06"]
[Round "3.8"]
[White "Hoeffernig, Leon"]
[Black "Högl, Emanuel"]
[Result "0-1"]
[WhiteElo "1200"]
[BlackElo "1356"]
[PlyCount "84"]
[EventDate "2008.06.06"]

1. e4 c5 2. c4 e6 3. Nf3 b6 4. Be2 Bb7 5. d3 Nf6 6. Nc3 Be7 7. e5 Ng8 8. O-O
Qc7 9. Bd2 Bxf3 10. Bxf3 Nc6 11. Re1 Rc8 12. Nb5 Qb8 13. Bf4 a6 14. Nd6+ Bxd6
15. exd6 Nd4 16. Be4 b5 17. b3 bxc4 18. dxc4 Nf5 19. Bxf5 Kf8 20. Bc2 Nf6 21.
Bg5 Nh5 22. Be7+ Ke8 23. Qxh5 g6 24. Qh6 f5 25. Qg7 Qb7 26. Qxh8+ Kf7 27. Qf6+
Kg8 28. Rxe6 dxe6 29. Qxe6+ Kg7 30. Qf6+ Kh6 31. Qg5+ Kg7 32. Bf6+ Kf7 33. Bd8
Ke8 34. Bf6 Qf7 35. Re1+ Kf8 36. Qh6+ Kg8 37. Be5 Re8 38. a3 a5 39. a4 Rd8 40.
Qg5 Re8 41. Qh6 Qf6 42. Bxf6 Rxe1# 0-1

[Event "aut_ych0810_2008"]
[Site "Scharzach - St. Veit"]
[Date "2008.06.07"]
[Round "4.1"]
[White "Hofer, Maximilian"]
[Black "Huber, Martin Christian"]
[Result "0-1"]
[WhiteElo "1423"]
[BlackElo "1686"]
[PlyCount "82"]
[EventDate "2008.06.06"]

1. e4 c5 2. Nf3 d6 3. d4 cxd4 4. Nxd4 Nf6 5. Nc3 a6 6. Bg5 e6 7. Nf3 Nbd7 8.
Qd2 b5 9. O-O-O Qc7 10. Kb1 b4 11. Ne2 Nxe4 12. Qe3 d5 13. Bf4 Qb6 14. Qxb6
Nxb6 15. Be3 Nc4 16. Rc1 Nxe3 17. fxe3 Bc5 18. Ned4 Bb7 19. Bd3 Nf2 20. Rhf1
Nxd3 21. cxd3 Bd6 22. Ng5 O-O 23. h4 Rac8 24. Rxc8 Bxc8 25. g4 Bc5 26. Nc2 e5
27. Re1 a5 28. Nh3 Ba6 29. d4 exd4 30. exd4 Bb6 31. g5 Bd3 32. Nf4 Be4 33. h5
Rc8 34. Rc1 Bxd4 35. Re1 Bxc2+ 36. Ka1 a4 37. a3 bxa3 38. Ng2 Bxb2+ 39. Ka2
Bb3+ 40. Kb1 Bc3 41. Re2 a2+ 0-1

[Event "aut_ych0810_2008"]
[Site "Scharzach - St. Veit"]
[Date "2008.06.07"]
[Round "4.2"]
[White "Gludovatz, Lukas"]
[Black "Jakob, Tobias"]
[Result "1-0"]
[WhiteElo "1481"]
[BlackElo "1319"]
[PlyCount "43"]
[EventDate "2008.06.06"]

1. e4 c5 2. d4 cxd4 3. c3 dxc3 4. Nxc3 d6 5. Nf3 Nf6 6. Bc4 Bg4 7. e5 dxe5 8.
Bxf7+ Kxf7 9. Qxd8 e4 10. Ne5+ Kg8 11. Nxg4 h6 12. Nxf6+ exf6 13. Qd5+ Kh7 14.
Qxe4+ Kg8 15. Qxb7 Bd6 16. Qxa8 a6 17. Qd5+ Kh7 18. Qxd6 Re8+ 19. Be3 a5 20.
O-O h5 21. Ba7 Rc8 22. Bxb8 1-0

[Event "aut_ych0810_2008"]
[Site "Scharzach - St. Veit"]
[Date "2008.06.07"]
[Round "4.3"]
[White "Petrik-Schweifer, Adam"]
[Black "Calovi, Luca"]
[Result "1/2-1/2"]
[WhiteElo "1315"]
[BlackElo "1363"]
[PlyCount "61"]
[EventDate "2008.06.06"]

1. e4 e5 2. Nf3 Nc6 3. Nc3 Nf6 4. Bb5 d6 5. d3 Be6 6. O-O Be7 7. Bg5 h6 8. Bxf6
Bxf6 9. Qd2 O-O 10. Rad1 a6 11. Bxc6 bxc6 12. Rfe1 d5 13. exd5 cxd5 14. Nxe5 d4
15. Na4 c5 16. Nxc5 Qd5 17. Nxe6 fxe6 18. Ng4 Bg5 19. Qe2 Rae8 20. c4 Qc5 21.
Qe4 Qb4 22. b3 Bd2 23. Re2 Rf4 24. Qg6 Re7 25. Rdxd2 Qc3 26. Rd1 Kh8 27. Nxh6
Rf6 28. Qg4 Rxh6 29. Re4 e5 30. Rde1 a5 31. h3 1/2-1/2

[Event "aut_ych0810_2008"]
[Site "Scharzach - St. Veit"]
[Date "2008.06.07"]
[Round "4.4"]
[White "Hofer, Emilian"]
[Black "Gerhold, Florian"]
[Result "1-0"]
[WhiteElo "1603"]
[BlackElo "1388"]
[PlyCount "63"]
[EventDate "2008.06.06"]

1. e4 c5 2. Nf3 Nc6 3. d4 cxd4 4. Nxd4 Nf6 5. Nc3 e5 6. Ndb5 d6 7. Bg5 a6 8.
Na3 b5 9. Nd5 Be7 10. Bxf6 Bxf6 11. c3 O-O 12. Nc2 Rb8 13. Nce3 Be6 14. Be2
Bxd5 15. Nxd5 Be7 16. O-O Qe8 17. b3 Bd8 18. c4 f5 19. exf5 Rxf5 20. Ne3 Rf6
21. Rc1 Bb6 22. cxb5 Nd4 23. bxa6 Qg6 24. Nd5 Rf7 25. Bc4 Ne6 26. Nxb6 Rxb6 27.
a4 Rc6 28. Bxe6 Qxe6 29. Rxc6 Qd7 30. Qxd6 Qg4 31. Qe6 Qf4 32. Rc8# 1-0

[Event "aut_ych0810_2008"]
[Site "Scharzach - St. Veit"]
[Date "2008.06.07"]
[Round "4.5"]
[White "Kaschka, Jonas"]
[Black "Proyer, Enno"]
[Result "1/2-1/2"]
[WhiteElo "1437"]
[BlackElo "1372"]
[PlyCount "72"]
[EventDate "2008.06.06"]

1. e4 e5 2. Nf3 Nc6 3. Bc4 Bc5 4. d3 h6 5. Nc3 d6 6. h3 Nf6 7. Be3 Bb6 8. O-O
Be6 9. Bb3 d5 10. exd5 Nxd5 11. d4 exd4 12. Nxd4 Nxd4 13. Bxd4 Bxd4 14. Qxd4
Nxc3 15. bxc3 Qxd4 16. cxd4 Bxb3 17. axb3 O-O 18. Rfe1 a6 19. Re7 Rac8 20. Ra5
Rfe8 21. Rxe8+ Rxe8 22. Kf1 Kf8 23. Rc5 Re7 24. Re5 Rxe5 25. dxe5 Ke7 26. f4
Ke6 27. Ke2 g5 28. g3 Kd5 29. Kd3 gxf4 30. gxf4 h5 31. c4+ Ke6 32. Ke4 b6 33.
f5+ Ke7 34. Kd5 Kd7 35. e6+ fxe6+ 36. fxe6+ Ke7 1/2-1/2

[Event "aut_ych0810_2008"]
[Site "Scharzach - St. Veit"]
[Date "2008.06.07"]
[Round "4.6"]
[White "Steiner, Martin"]
[Black "Estomo, Jose"]
[Result "1-0"]
[WhiteElo "1377"]
[BlackElo "1316"]
[PlyCount "53"]
[EventDate "2008.06.06"]

1. e4 e5 2. Nf3 Nc6 3. d4 f6 4. Nc3 Bb4 5. Bb5 a6 6. Bxc6 bxc6 7. dxe5 fxe5 8.
O-O Nf6 9. Re1 O-O 10. Bg5 h6 11. Bd2 d6 12. a3 Bc5 13. Be3 Bxe3 14. Rxe3 Bg4
15. Qd3 d5 16. Nxe5 Qd6 17. Ng6 Rf7 18. e5 Qe6 19. exf6 Rxf6 20. Rxe6 Bxe6 21.
Ne7+ Kf7 22. Nxc6 Bf5 23. Qxd5+ Kg6 24. Ne7+ Kg5 25. Ne4+ Kf4 26. Nxf6 Rf8 27.
Qxf5# 1-0